000 00598nam a2200217Ia 4500
003 OSt
005 20230324133129.0
008 210423s2017 xx 000 0 und d
020 _a978-0-19-946778-5
040 _cAL
041 _aeng
082 _a306.6
_223
_bBANR
100 _aBANDYOPADHYAY (Sekhar);SEN (Aloka Parasher)
_977460
245 _aReligion and modernity in India
260 _aNew Delhi
_bOxford University Press
_c2017
300 _avi,323
_bHB
365 _b950
_cINR
650 _aCulture
_977461
906 _aIndia ; modernity ; Religion ; secularism
942 _2ddc
_cBK
999 _c168807
_d168807